| 000 | 00402cam a2200145ua 4500 | ||
|---|---|---|---|
| 041 |
_aeng _h |
||
| 082 |
_a823.09 _bBAR/CO |
||
| 100 | _aBarker, Herley Granville . | ||
| 245 | 0 | 0 |
_aCompanion to Shakespear studies / _cHerley Granville Barker. _hTextual Documents |
| 260 |
_aLondon : _bCambridge at the University Press , _c1966. |
||
| 300 | _a408 ; . | ||
| 504 | _a | ||
| 942 | _cBK | ||
| 999 |
_c846 _d846 |
||